[Event "Turnier 40 / 120"]
[Site "Wien"]
[Date "2023.08.07"]
[Round "38"]
[White "Mephisto Lyon 68020 - 12 MHZ"]
[Black "Mephisto Atlanta SH 7034 - 20 MHZ"]
[Result "1/2-1/2"]
[BlackElo "2191"]
[WhiteElo "2172"]

{Analyse ---> Stockfish 16} 1. e4 c5 2. c3 Nf6 3. e5 Nd5 4. d4 cxd4
{Buchende} 5. Qxd4 e6 {Buchbewertung Mephisto Atlanta: 0,0} 6. Nf3 Nc6 7.
Qe4 d6 8. Nbd2 dxe5 9. Nxe5 Bd6 10. Nxc6 bxc6 11. Nc4 Bc7 12. g3 O-O 13.
Bg2 {Buchende / enormer Buchvorteil für Mephisto Lyon 68020, er startet mit
einem Zeitvorsprung von 36 Minuten !! in die Partie, ob es tatsächlich ein
Vorteil ist bleibt aber noch abzuwarten, denn lt. Stockfish ist das keine
ideale Eröffnung von Weiss, Schwarz steht klar besser mit ca. +0,80} Ba6
14. O-O e5 15. Re1? {ein schlechter Zug, danach steht Schwarz bereits klar
besser, Stockfish -1,40, deutlich besser ist b3} f5! {natürlich} 16. Qd3
{etwas besser ist De2, Stockfish -1,60} e4 17. Qd4 Nb4?? {ein
grottenschlechter Zug, der auf einen Schlag den gesamten Vorteil verspielt,
danach ist die Stellung im Lot, nötig war De7 mit ca. +1,70 für Schwarz}
18. Qxd8 Rfxd8 19. cxb4 Bxc4 20. Bg5 Rdb8 21. b3 Bd5 22. Be7? {ein
schlechter Zug, danach ist Schwarz wieder klar im Vorteil, Stockfish -1,50,
nötig war Ld2 mit minimalem Vorteil für Schwarz} Kf7? {deutlich schwächer
als a5, halbiert in etwa den Vorteil von Schwarz, Stockfish +0,80} 23. Bc5
a5? {ja dazu kann man nur sagen, warum nicht gleich ?, jetzt bringt das gar
nichts mehr, im Gegenteil, danach ist jeglicher Vorteil dahin, deutlich
besser ist Lb6, die Stellung ist wieder im Lot} 24. f3! {richtig} Be5 25.
Rac1 axb4 26. fxe4 fxe4 27. Bxe4 Bb2 28. Bxd5+ cxd5 29. Rcd1 Rb5 30. Re7+
Kg6 31. Rc7 Raa5 32. Bd4 Bxd4+ 33. Rxd4 Rxa2 34. Rg4+ Kf6 {die Stellung ist
Remis, Stockfish 0,00} 35. Rf4+ Kg6 36. Rg4+ Kf6 37. Rf4+ Kg6 38. Rg4+
{Stellungswiederholung} 1/2-1/2
[/pgn]
[pgn]

[Event "Turnier 40 / 120"]
[Site "Wien"]
[Date "2023.07.25"]
[Round "39"]
[White "Mephisto Atlanta SH 7034 - 20 MHZ"]
[Black "Mephisto Lyon 68020 - 12 MHZ"]
[Result "0-1"]
[BlackElo "2172"]
[WhiteElo "2191"]

{Analyse ------> Stockfish 16} 1. e4 c6 2. d4 d5 3. exd5 cxd5 4. c4 Nf6 5.
Nc3 e6 6. Nf3 Bb4 7. cxd5 Nxd5 8. Bd2 {Buchende} Qa5? {ein schlechter
Buchzug, danach steht Weiss bereits klar besser, Stockfish -1,10, diese
Variante spielte Lyon 68020 schon einmal in Runde 19 dieses Wettkampfes,
dort wählte er den weit besseren Buchzug 0-0, danach wäre die Stellung etwa
gleich, er hat auch noch die Variante Da5, die aber weit schwächer ist.} 9.
a3 {Buchbewertung Mephisto Atlanta: 0,0 sieht es allerdings nicht wie
Stockfish und erkennt keinerlei Vorteil, aber der richtige Zug} Bd6
{Buchbewertung Mephisto Lyon 68020: -0,36 / besser ist Lxc3, Stockfish
-1,30} 10. Ne4? {verspielt aber gleich einen Grossteil des Vorteiles,
Stockfish +0,50, nötig war Lc4} Qc7 11. Nxd6+ Qxd6 12. Bd3 Qb6 13. Rc1 Nc6
14. Qc2 {besser ist Lc3, der Textzug verspielt nun den gesamten Vorteil,
danach ist die Stellung bereits im Lot, Stockfish 0,00} Bd7 15. Qc5 Qb3 16.
Be4 Nce7 17. Ne5 b6 18. Qc4 Qxc4 19. Nxc4 O-O 20. Nd6 Rfd8 21. Bg5 {das
bringt gar nichts, besser ist Sb7, Stockfish -0,40} f6 22. Bh4? {ein
schlechter Zug, danach steht Schwarz bereits klar besser, Stockfish -1,00,
deutlich besser ist Lxd5} Ba4 23. Bg3 Rd7 24. h3?? {ein Verlustzug,
Stockfish -2,20, nötig war Lb1 mit ca. -0,70, da wäre noch nichts verloren}
Rad8 25. Nc4 Nc6?? {ein grottenschlechter Zug, der nahezu den gesamten
Vorteil verschenkt, Stockfish +0,30, gewonnen hätte Sf5} 26. Nd2??
{verliert wieder ganz klar, nötig war b3, Stockfish -2,50} Bb5 27. Nf3 Nde7
28. b3?? {spätestens danach kann man sich jeden weiteren Kommentar
schenken, eine hoffnungslose Stellung für Weiss, der nicht mehr rochieren
kann und auch einen Bauern verliert, (der wäre sowieso weg gewesen,
deutlich mehr Widerstand hätte aber noch h4 geleistet, obwohl verliert auch
schon klar mit -2,70, aber nach dem Textzug ist alles aus, Stockfish -4,20}
Nxd4 29. Nxd4 Rxd4 30. Bf3 e5 31. a4 Ba6 32. Rd1 Rxd1+ 33. Bxd1 Nf5 34. Bh2
Kf7 35. b4 Bb7 36. O-O Rd2 37. Bb3+ Kg6 38. Rc1 Nd4 39. Bd1 b5? {ein
schlechter Zug, der fast 2 Bauerneinheiten ! einstellt, allerdings ändert
auch das nichts an der klaren Gewinnstellung von Schwarz, Stockfish +2,80,
deutlich stärker ist Le4 mit ca. +4,50} 40. axb5 Rb2? {auch nicht optimal,
deutlich besser ist Ld5, Stockfish +2,00} 41. Bg3 Rxb4 42. Ra1 Nxb5? {aus
der Sicht eines Oldies ein verständlicher Zug, bekommt sofort einen 2.
Mehrbauern und deckt den Bauern a7, das würde wahrscheinlich fast jeder
Oldie spielen und auch viele Menschen um ehrlich zu sein, tatsächlich ist
das aber ganz schlecht und danach muss Schwarz jetzt allmählich aufpassen,
das nicht noch zu vergurken, Stockfish "nur" noch +1,00, deutlich stärker
ist Le4 mit ca. +2,30, trotzdem mit 2 Mehrbauern sollte Schwarz das schon
gewinnen} 43. Bc2+ Be4 44. Bxe4+ Rxe4 45. f3 Rb4 46. Bf2 Rb2 47. Bxa7 {kein
unverständlicher Zug, bekommt eben einen Bauern retour, besser ist aber
Ta5, Stockfish -1,20, aber dennoch nur noch ein Mehrbauer für Schwarz dazu
kein Freibauer, also hier noch den Gewinn einzufahren ist jedenfalls nicht
mehr so selbstverständlich wie noch kurz zuvor, das wird noch ein Kampf}
Nd4? {kaum habe ich es ausgesprochen folgt bereits der schwache Zug, der
bereits den Sieg verschenkt, danach ist es bereits Remis, Lyon 68020
erwartet hier Kf1 und glaubt nicht, dass der Springer genommen wird,
wahrscheinlich weil er ja dann einen Freibauern bekommt, allerdings der
schwache Isolanie gewinnt die Partie nicht mehr, Stockfish 0,00} 48. Bxd4!
{Atlanta macht den richtigen Zug} exd4 49. Rd1 Rb4 50. Kf2 Kf5 51. Ke2???
{ein absoluter Verlustzug, danach ist die Partie sofort verloren, Stockfish
-6,00 !!, nötig war Te1 und es ist Remis} Ke5 {klar schwächer als Kf4,
reicht aber völlig zum Gewinn, Stockfish +4,70} 52. Re1 Kd5 53. Kd3 Rb3+
54. Kc2 Ra3 55. Re7 Ra2+ 56. Kd3 Rxg2 57. Rd7+ Ke5 58. Rxd4??? {danach ist
natürlich sofort alles vorbei, das braucht man nicht mehr grossartig zu
erklären, Td2+ und Stockfish Matt in 22, aber es ist ohnehin verloren} Rg3
{naja dafür reicht die Rechentiefe von Lyon 68020 aber nicht, denn nach
Td2+ hat er ja zunächst nur einen Mehrbauern, der Textzug verlängert
unnötig das Leid von Weiss ist aber natürlich ebenso klar gewonnen,
Stockfish +7,00} 59. Rh4 Rxf3+ 60. Ke2 Rb3 61. Rxh7 g5 62. h4 Rh3 63. Re7+
Kd6 64. Rf7 Ke6 65. Rb7 Rxh4 {Rest geschenkt} 0-1
[/pgn]
[pgn]

[Event "Turnier 40 / 120"]
[Site "Wien"]
[Date "2023.08.09"]
[Round "40"]
[White "Mephisto Lyon 68020 - 12 MHZ"]
[Black "Mephisto Atlanta SH 7034 - 20 MHZ"]
[Result "1/2-1/2"]
[BlackElo "2191"]
[WhiteElo "2172"]

{Analyse ----> Stockfish 16} 1. d4 d5 2. c4 e6 3. Nc3 c5 4. cxd5 exd5 5.
Nf3 Nc6 6. Bg5 Be7 7. Bxe7 Ngxe7 8. e3 cxd4 9. Nxd4 O-O {Buchende} 10. Nxc6
bxc6 {Buchbewertung Mephisto Atlanta: +0,2} 11. Be2 {Buchende} Rb8 12. b3
{Buchbewertung Mephisto Lyon 68020: 0,00 / entspricht genau der Meinung von
Stockfish} Qa5 13. Rc1 Ba6 14. O-O Bxe2 15. Qxe2 Ng6 {vorzuziehen ist c5,
Stockfish -0,60} 16. Na4 Ne5 17. Rc5 Rb5 18. Rfc1 {besser ist Tc2,
Stockfish +0,30} Rxc5 19. Rxc5 Qc7 20. h3 Re8 21. Qa6 {weniger gut, danach
ist die Stellung im Lot, besser ist Tc1} Qe7 22. Rc3 g5 23. Nc5 f5 {nicht
optimal, danach ist Weiss im Vorteil, Stockfish -0,60, das Remis hätte hier
bereits g4 ! gesichert} 24. Rc2 {besser ist Sd3, Stockfish +0,20} Qc7 25.
Rc1 Kf7??? {ein Verlustzug, danach ist die Partie bereits klar verloren,
Stockfish -2,70, nötig war g4 mit Ausgleich} 26. Nd3 Nxd3 27. Qxd3 Ke6 28.
g4? {nicht optimal aber auch danach steht Weiss klar auf Gewinn, Stockfish
+2,00, deutlich stärker ist b4} fxg4 29. hxg4 Kd6 30. Qd4 {etwas besser ist
Dc3, Stockfish +1,70} Re6? {ein schlechter Zug, der die Lage deutlich
verschlimmert, Stockfish -2,50, deutlich besser ist a5 oder auch Te5} 31.
Qh8?? {das ist ganz schlecht und verspielt einen Grossteil des Vorteiles,
Stockfish +0,80, nötig war Kg2} h6?? {ein Verlustzug, danach ist die Partie
wieder klar verloren, Stockfish -3,00, nötig war Dd7} 32. Kg2? {aber es
bleibt schwierig für beide Geräte aber hier will ich nicht zu streng sein,
bei jeweils 2 Schwerfiguren am Brett ist das natürlich mit unendlichen
Möglichkeiten und für die Oldies einfach schwierig, hier nicht die
optimalen Züge zu finden ist verständlich, der Textzug verspielt wieder
einen Grossteil Vorteiles, Stockfish +0,80, gewonnen hätte b4} Kd7! {ein
richtiger Zug} 33. Qg7+ Kd6 34. Qf8+ Qe7 35. Qb8+ Qc7 36. Qb4+ c5?? {ein
Verlustzug, danach ist die Partie praktisch verloren, Stockfish -2,00,
nötig war Kd7 mit nur ca. -0,30, aber natürlich ist auch dieser Kommentar
wieder aus Sicht von Stockfish, ob es aber der letzte Fehler bleibt ist
wohl noch abzuwarten, für Lyon 68020 ist das natürlich noch nicht erledigt}
37. Qc3! {der richtige Zug, aber Lyon 68020 ist natürlich kein Stockfish
und sieht hier nur minimalen Vorteil mit +0,21} Qb6 {Mephisto Atlanta sieht
es wie Lyon 68020: -0,2 / Stockfish -2,50} 38. Rd1?? {das nächste Beispiel
für die Schwierigkeit dieses Endspieltyps, verschenkt auf einen Schlag den
gesamten Vorteil, danach ist die Partie bereits Remis, Stockfish 0,00,
gewonnen hätte Dg7} Qb4! {richtig} 39. Qxb4 cxb4 40. Kg3 Ke5 41. f4+ Ke4
42. fxg5 hxg5 43. Rd4+ Kxe3 44. Rxd5 Ra6 45. Rxg5 Rxa2 46. Rb5 a5 47. g5
Ra1 48. Kg4 Rg1+ 49. Kf5 Kd4 50. g6 Kc3 51. Rxa5 Kxb3 52. Kf6 Kc3 53. Rc5+
Kd4 54. Rg5 Rxg5 55. Kxg5 b3 56. g7 b2 57. g8=Q b1=Q 1/2-1/2
[/pgn]
[pgn]

[Event "Turnier 40 / 120"]
[Site "Wien"]
[Date "2023.08.09"]
[Round "41"]
[White "Mephisto Atlanta SH 7034 - 20 MHZ"]
[Black "Mephisto Lyon 68020 - 12 MHZ"]
[Result "1-0"]
[BlackElo "2172"]
[WhiteElo "2191"]

{Analyse ---> Stockfish 16} 1. d4 d5 2. c4 dxc4 3. Nf3 Nf6 4. e3 Bg4 5.
Bxc4 e6 6. Nbd2 Nbd7 7. Qb3 Rb8 8. O-O {Buchende} c5 {Buchende} 9. Ne5
{Buchbewertung Mephisto Atlanta: +0,3} Nxe5?? {Buchbewertung Mephisto Lyon
68020: -0,48, gleich der allererste Zug nach Buchende ist praktisch schon
ein Verlustzug, Stockfish -1,80 !!!, nötig war Lh5 mit nur ca. -0,40, aber
natürlich gilt dieser Kommentar wieder nur für Stockfish, für Atlanta ist
das noch lange nicht gewonnen} 10. dxe5 Nd7 11. f3! {richtig} Bf5?? {ein
ganz schlechter Zug, der die Lage noch deutlich verschlimmert, Stockfish
-2,70, deutlich besser ist noch Lh5} 12. e4! {Mephisto Atlanta sieht sich
auch schon klar im Vorteil: +1,0 / richtig, Stockfish +2,90} Bg6 {Lyon
68020 sieht sich nur knapp im Nachteil: -0,33} 13. f4! {der 3. optimale Zug
in Folge !, konsequent} Be7 {besser ist noch a6, Stockfish -3,50} 14. f5!
{Mephiso Atlanta lässt nicht locker, Bewertung +1,5, Nummer 4 in Folge}
exf5 {hier stürzt auch Lyon 68020 ab in der Bewertung: -1,42} 15. exf5 Bh5
16. Qh3! {gnadenlos, der 6. optimale Zug in Folge} b5 17. Qxh5 {Nummer 7,
aber ok, der war leicht} bxc4 18. Nxc4 {kein Problem, Nummer 8} O-O 19.
Rd1! {Nummer 9 perfekt} Qc7 20. f6 {hier geht nun diese unglaubliche Serie
von Atlanta zu Ende, aber hier erspare ich ihm ein Fragezeichen, da der
Textzug die Partie klar gewinnt und der 2. beste Zug ist, noch besser war
nur Td3 um ca. 1 Bauerneinheit, trotzdem Stockfish +4,30} Nxf6 21. exf6
Bxf6 22. Be3 Bxb2 23. Nxb2 Rxb2 24. Qxc5 Qb7 25. Qxf8+ Kxf8 26. Bc5+ Ke8
27. Re1+ Kd7 28. Re7+ Kc8 29. Rxb7 Rxb7 30. Re1 Rd7 31. Kf2 Kb7 32. Ke3
{naja weniger gut, gewinnt natürlich auch, aber viel einfacher ist
natürlich Te7, Turmtausch und Schluss ist, aber eigentlich egal, Stockfish
+4,50} Kc6 33. Bd4 f6 34. Kd3 Kb5 35. Rb1+ Ka4 36. Kc4 a5 37. Re1 Rb7 38.
Re3 Rb4+ 39. Kd5 Rb7 {länger überlebt noch Tb1, Stockfish Matt in 17, aber
hier spielt es keine Rolle mehr} 40. Bc5! {Mephisto Atlanta: +4,2, der
richtige Zug} Kb5 41. a4+! Kxa4 42. Kc4 Rb4+ 43. Bxb4 axb4 44. Re7 {Rest
geschenkt / eine grossartige Partie von Mephisto Atlanta mit einer Serie
von 9 optimalen Zügen !! in Folge - Meisterhaft !!!} 1-0
[/pgn]
[pgn]

[Event "Turnier 40 / 120"]
[Site "Wien"]
[Date "2023.08.10"]
[Round "42"]
[White "Mephisto Lyon 68020 - 12 MHZ"]
[Black "Mephisto Atlanta SH 7034 - 20 MHZ"]
[Result "0-1"]
[BlackElo "2191"]
[WhiteElo "2172"]

{Analyse ----> Stockfish 16} 1. e4 c6 2. Nf3 d5 3. Nc3 Bg4 4. h3 Bxf3 5.
Qxf3 e6 {Buchende} 6. d3 Nf6 {Buchbewertung Mephisto Atlanta: 0,0} 7. Bd2
{Buchende / Stockfish sieht hier bereits ein Remis mit Stellungwiederholung
mit der Variante Db6, Sa4, Db5, Sc3, usw.} Bd6 8. O-O-O {Buchbewertung
Mephisto Lyon 68020: +0,27 / lt. Stockfish ist die Stellung etwa gleich}
Nbd7 9. exd5 cxd5 10. Nb5 Bb8 11. d4 Ne4 12. Bd3 {vorzuziehen ist c4,
Stockfish -0,60} Nxd2 13. Rxd2 O-O 14. h4 Qa5! {richtig, besser als a6} 15.
a3 Rc8 16. h5? {ein schlechter Zug, danach steht Schwarz bereits klar
besser, Stockfish -1,30, deutlich besser ist Te2 mit ca. -0,60} h6!
{wichtig der Vorstoss h6 von Weiss muss verhindert werden, sofort verloren
hätte der von Lyon 68020 vorgeschlagene Zug Sf6 ??} 17. Re2 a6 {besser ist
Sf6, Stockfish +1,00} 18. Nc3 Ba7 19. Qf4??? {ein absoluter Verlustzug,
danach ist die Partie klar verloren, Stockfish -3,20, nach Th4 mit ca.
-0,80 wäre noch nichts verloren} Rxc3! {Mephisto Atlanta sieht sofort den
Fehler, Bewertung: +2,6} 20. bxc3 Qxa3+ 21. Kd2 Rc8 22. Rh4 Qxc3+ 23. Kd1
Qa1+ 24. Kd2? {ein ganz schlechter Zug, deutlich mehr Widerstand leistet
noch Dc1, Stockfish -5,00} Bb6 25. Rg4 {besser ist noch Dd6 oder Te3,
Stockfish -6,30} Bc7! {natürlich} 26. Re5 {erzwungen, nach Df3 ?? ist Weiss
Matt in 4, nach Dxh6 verliert noch schneller gegen La5+} Bxe5 27. dxe5 Nxe5
28. Qd4 Qa5+ 29. Qb4 Qc7 30. Rh4 Nxd3 31. cxd3 Qc1+ 32. Ke2 Rc2+ 33. Kf3
Qd1+ 34. Kg3 Qxd3+ {naja, angesichts von bereits 4 Minusbauern !! erspare
ich hier Lyon 68020 die unvermeidliche Hinrichtung, Userentscheid: 0-1} 0-1
[/pgn]
[pgn]

[Event "Turnier 40 / 120"]
[Site "Wien"]
[Date "2023.08.10"]
[Round "43"]
[White "Mephisto Atlanta SH 7034 - 20 MHZ"]
[Black "Mephisto Lyon 68020 - 12 MHZ"]
[Result "0-1"]
[BlackElo "2172"]
[WhiteElo "2191"]

{Analyse ----> Stockfish 16} 1. c4 e5 2. Nc3 Nf6 3. g3 d5 4. cxd5 Nxd5 5.
Bg2 Nb6 {Buchende} 6. d3 {Buchende} Bb4 {Buchbewertung Mephisto Lyon 68020:
+0,03} 7. Nf3 {Buchbewertung Mephisto Atlanta: +0,2 / lt. Stockfish steht
Weiss knapp besser mit ca. +0,30} Nc6 8. a3 Be7 9. O-O O-O 10. b4 Be6 11.
Bb2 f6 12. b5 Na5 13. Nd2 Qd7 14. a4 a6 15. Qc2 axb5 16. axb5 Rfc8 17. Rfb1
Bb4 18. Bc1 Qe7? {ein schwacher Zug, danach steht Weiss besser, Stockfish
-1,00, deutlich besser ist c5 mit Ausgleich} 19. Bb2? {so aber nicht, die
Dame gehört nach b2, die Stellung ist wieder im Lot} c6 20. bxc6 Nxc6 21.
Rxa8 Rxa8 22. e3 Ra5 23. Be4 h6 24. Nb3 Ra8 25. d4 exd4 26. Nxd4 Nxd4 27.
exd4 Qd7 28. Bg2 Rc8 29. Qd1 Nd5 30. Ne4 f5 31. Nd2 f4 {die Stellung ist
immer noch im Lot, Stockfish 0,00} 32. Rc1 Rxc1 33. Qxc1 fxg3 34. fxg3?
{weniger gut, man schlägt prinzipiell zur Brettmitte, natürlich hxg3, von
der Bewertung Stockfish ist es zwar keine Katastrophe, aber doch schwächer,
Stockfish -0,30} Ne3 {natürlich, diesen lästigen Springerangriff hätte man
sich sparen können} 35. Bh1! {der beste Zug, das schreibe ich extra dazu,
denn normalerweise mutet es ja merkwürdig an, wenn der Läufer in die Ecke
gezogen wird, etwas schwächer wäre Le4} Qf7 36. Nf3 Nc4 37. Ne5 Nxe5 38.
dxe5 Qd7 39. Bf3 Qd3 40. Kg2 b5 41. Qd1 Qxd1 {damit steigt die
Remiswahrscheinlichkeit enorm} 42. Bxd1 Bc5 43. Kf3 Kf7 44. Ke4 Bg1 45. h4
Bf2 46. Kf3 Be1 47. Bc1??? {bei unseren Oldies muss man aber immer
abwarten, hier kommt jetzt doch noch der Verlustzug, danach ist die Partie
sofort verloren, Stockfish -4,00, praktisch der einzige Zug, der verliert,
nötig war h5 und alles ist im Lot} b4 48. Bb2 Bd5+ {besser ist h5, aber
völlig ausreichend, Stockfish +2,80} 49. Kf4 Bd2+??? {aber auch für Lyon
68020 gilt das gleiche wie für Atlanta, nur weil Stockfish den Gewinn
sieht, das heisst halt noch nichts, verschenkt auf einen Schlag praktisch
den gesamten Vorteil, Stockfish nur noch +0,20 damit ist es praktisch
wieder Remis, gewonnen hätte g6 mit ca. +3,00} 50. Kg4 g6 {naja da kann man
nur sagen, warum nicht gleich} 51. Bc2??? {ein absoluter Verlustzug, danach
ist alles aus, Stockfish -8,00 !!, das Remis gesichert hätte h5 (Lyon 68020
hätte den gleichen Fehler gemacht, davon hat aber Atlanta auch nichts)} h5+
52. Kh3 Bc3 53. Bc1 b3 54. Bb1 {Matt in 22} Be6+ 55. Kg2 Bf5 {Rest
geschenkt} 0-1
[/pgn]
[pgn]